| Tag |
First Indicator |
Second Indicator |
Subfields |
| LEADER |
00000cam a2200000 4500 |
| 001 |
in00000060667 |
| 005 |
20151008050536.0 |
| 008 |
721011s1963 nyu 00000 eng u |
| 010 |
|
|
|a 63005923
|
| 035 |
|
|
|a (OCoLC)00426256
|
| 035 |
|
|
|9 AAG1692AM
|
| 040 |
|
|
|c WSU
|d TXA
|d UtOrBLW
|
| 049 |
|
|
|a TXAM
|c [363931]
|
| 090 |
|
|
|a E441
|b .H6
|
| 092 |
|
|
|a 326.973
|b H737s
|
| 100 |
1 |
|
|a Hollander, Barnett.
|
| 245 |
1 |
0 |
|a Slavery in America.
|
| 264 |
|
1 |
|a New York :
|b Barnes & Noble,
|c [1963]
|
| 300 |
|
|
|a 212 pages
|
| 336 |
|
|
|a text
|b txt
|2 rdacontent
|
| 337 |
|
|
|a unmediated
|b n
|2 rdamedia
|
| 338 |
|
|
|a volume
|b nc
|2 rdacarrier
|
| 650 |
|
0 |
|a Slavery
|z United States
|x Law and legislation.
|
| 999 |
|
|
|a MARS
|
| 999 |
f |
f |
|s 06f936b7-549b-3122-bcdd-593a1b2d00be
|i 1f538b67-6715-3229-bacc-f41fb1c1916a
|t 0
|
| 952 |
f |
f |
|p normal
|a Texas A&M University
|b College Station
|c Sterling C. Evans Library
|d Evans: Library Stacks
|t 0
|e E441 .H6
|h Library of Congress classification
|i unmediated -- volume
|m A14800673046
|
| 998 |
f |
f |
|a E441 .H6
|t 0
|l Evans: Library Stacks
|